000
00296nam a22001217a 4500
082
_a
158
_b
MCG/B
100
_a
MCGINNIS,ALAN LOY
245
_a
BRINGING OUT THE BEST IN PEOPLE
260
_a
PHILIPPINES
_b
KADENA PRESS
300
_a
192
650
_a
PERSONALITY DEVELOPMENT
_z
PHILIPPINES
942
_c
BK
999
_c
5387
_d
5387